000 00258nam a22001097a 4500
008 170116b xxu||||| |||| 00| 0 eng d
020 _a9780801666674
041 _aeng
080 _a618.2
245 _aFUNDAMENTALS OF NURSING
_cPOTTER & PERRY
942 _2udc
_cBK
999 _c2934
_d2934